Medias in Res Vok 3 - Statistiken

Allgemein
  • Dieses Quiz wurde 1.610 mal gespielt
  • Das Durchschnittsergebnis liegt bei 24 aus 26
Antwortstatistiken
Hint Antwort % Korrekt
Roma f. Rom
100%
deus m. Gott
96%
statua f. Statue
96%
templum n. Tempel
96%
multum viel
96%
multi/ae/a viele
96%
via f. Weg, Straße
96%
dea f. Göttin
95%
vir m. Mann
95%
forum n. Forum (Marktplatz)
94%
aedificium n. Gebäude
94%
post (Präp. + Akk.) nach, hinter
94%
Romanus/a/um römisch
94%
-que und
94%
video, -es sehen
93%
ibi dort
92%
per (Präp- + Akk.) durch
92%
ante (Präp. + Akk.) vor
92%
clarus/a/um berühmt, hell
91%
ad (Präp. + Akk.) zu, an, bei
90%
spectaculum n. Schauspiel
88%
ambulo, -as spazieren
87%
monstro, -as zeigen
87%
certe sicherlich
85%
solum (Adv.) nur
82%
tam so
78%
Keine übereinstimmenden Quizze gefunden
Verteilung der Resultate
Anzahl Personen mit jedem Resultat
Perzentil nach korrekt beantworteten Fragen
Ihre Resultats-Entwicklung
Sie haben dieses Quiz noch nicht gespielt